Методические указания консультантам по газетным дисциплинам. Письмо 3 (Запись № 13618170)

Подробности
000 -МАРКЕР
контрольное поле 01186nam2a2200241 4500
001 - ИДЕНТИФИКАТОР ЗАПИСИ
контрольное поле rc\3015469
005 - ИДЕНТИФИКАТОР ВЕРСИИ
контрольное поле 20260315064411.0
035 ## - ДРУГИЕ СИСТЕМНЫЕ НОМЕРА
Идентификатор записи (NLR Aleph) 007157798
100 ## - ДАННЫЕ ОБЩЕЙ ОБРАБОТКИ
Данные общей обработки 20110925d1935 u y0rusy50 ca
101 0# - ЯЗЫК РЕСУРСА
Язык текста, звукозаписи и т.д. русский
102 ## - СТРАНА ПУБЛИКАЦИИ ИЛИ ПРОИЗВОДСТВА
Страна публикации российская федерация
105 ## - ПОЛЕ КОДИРОВАННЫХ ДАННЫХ: ТЕКСТОВЫЕ МАТЕРИАЛЫ, МОНОГРАФИЧЕСКИЕ
Кодированные данные о монографическом текстовом документе y z |||||
200 0# - ЗАГЛАВИЕ И СВЕДЕНИЯ ОБ ОТВЕТСТВЕННОСТИ
Основное заглавие Письмо 3
Первые сведения об ответственности Сост. Б. Лейбзон
210 ## - ПУБЛИКАЦИЯ, РАСПРОСТРАНЕНИЕ И ДР.
Дата издания, распространения и т.д. [1935]
215 ## - ФИЗИЧЕСКАЯ ХАРАКТЕРИСТИКА
Специфическое обозначение материала и объем 8 с.
461 #0 - УРОВЕНЬ НАБОРА
Встроенное поле 001rc\3015468
-- 2000#$aМетодические указания консультантам по газетным дисциплинам$fРуководитель курса С.Б. Курс$vПисьмо 3
Системный номер (АБИС) связанной записи 7218030
Автор Заочные курсы редакторов колхозных и бригадных стенгазет (Москва)
Место публикации [Москва]
Дата публикации [1935]
Первые сведения об ответственности Руководитель курса С.Б. Курс
Имя издателя, распространителя и т.д. изд-во и тип. изд-ва "Крестьян. газ"
Заглавие Методические указания консультантам по газетным дисциплинам
Номер тома Письмо 3
702 #1 - ИМЯ ЛИЦА - ВТОРИЧНАЯ ОТВЕТСТВЕННОСТЬ
Начальный элемент ввода Лейбзон
Часть имени, кроме начального элемента ввода Б.
Код отношения Составитель
801 #0 - ИСТОЧНИК ЗАПИСИ
Страна российская федерация
Организация NLR
Правила каталогизации psbo
801 #1 - ИСТОЧНИК ЗАПИСИ
Страна российская федерация
Организация ELAR
Источник данных rusmarc
852 ## - МЕСТОНАХОЖДЕНИЕ И ШИФР ХРАНЕНИЯ
Идентификатор организации NLR
Шифр хранения (Call Number) 35-18/65(3)
942 ## - ДОПОЛНИТЕЛЬНЫЕ ЭЛЕМЕНТЫ ЗАПИСИ (АБИС)
Тип экземпляра АБИС Неопределено
980 ## - КОЛЛЕКЦИЯ
Название коллекции Национальная библиография

Нет доступных экземпляров.